Psychodynamic group psychotherapy (Record no. 84572)
[ view plain ]
| 000 -LEADER | |
|---|---|
| fixed length control field | 00595nam a2200217Ia 4500 |
| 001 - CONTROL NUMBER | |
| control field | 71565 |
| 008 - FIXED-LENGTH DATA ELEMENTS--GENERAL INFORMATION | |
| fixed length control field | 160401s9999 xx 000 0 und d |
| 020 ## - INTERNATIONAL STANDARD BOOK NUMBER | |
| International Standard Book Number | 9781462516506 |
| 040 ## - CATALOGING SOURCE | |
| Transcribing agency | PK-LaUMT |
| 082 ## - DEWEY DECIMAL CLASSIFICATION NUMBER | |
| Classification number | 616.89152 |
| Item number | RUT-P |
| 100 ## - MAIN ENTRY--PERSONAL NAME | |
| Personal name | Rutan, J. Scott |
| 245 ## - TITLE STATEMENT | |
| Title | Psychodynamic group psychotherapy |
| Statement of responsibility, etc | Rutan, J. Scott|Stone, Walter N.|Shay, Joseph J. |
| 250 ## - EDITION STATEMENT | |
| Edition statement | 5th |
| 260 ## - PUBLICATION, DISTRIBUTION, ETC. (IMPRINT) | |
| Place of publication, distribution, etc | New York,USA: |
| Name of publisher, distributor, etc | The Guilford Press, |
| Date of publication, distribution, etc | 2014 |
| 300 ## - PHYSICAL DESCRIPTION | |
| Extent | 465 p. |
| 546 ## - LANGUAGE NOTE | |
| Language note | EN |
| 650 ## - SUBJECT ADDED ENTRY--TOPICAL TERM | |
| Topical term or geographic name as entry element | Psychotherapy, group-Methods |
| 700 ## - ADDED ENTRY--PERSONAL NAME | |
| Personal name | Shay, Joseph J. |
| 700 ## - ADDED ENTRY--PERSONAL NAME | |
| Personal name | Stone, Walter N. |
| 942 ## - ADDED ENTRY ELEMENTS (KOHA) | |
| Koha item type | Books |
| Withdrawn status | Lost status | Damaged status | Not for loan | Home library | Current library | Date acquired | Total Checkouts | Full call number | Barcode | Date last seen | Date checked out | Price effective from | Koha item type |
|---|---|---|---|---|---|---|---|---|---|---|---|---|---|
| UMT Main Campus | UMT Main Campus | 2016-04-01 | 1 | 616.89152 RUT-P | 98171 | 2017-08-18 | 2017-08-09 | 2016-04-01 | Books |
